000 00684nam a2200289Ia 4500
005 20260324112702.0
008 008 260324s9999 xx 000 0 eng d
020 _a9781003565277
037 _aEBOOK
040 _aCRL
040 _beng
040 _cCRL
041 _2eng
041 _aeng
084 _qCRL
100 _aAnkita Malhotra; Ananjan Basu
_91143728
245 0 _aStacked Antennas
245 0 _bDesign, Analysis and Applications
260 _bTaylor and Francis
260 _c2024
365 _a
365 _b260
856 _uhttp://www.taylorfrancis.com/books/9781003565277
942 _cEBOOK
999 _c1733028
_d1733028